[Event "Hessen Senioren-ch 2012  8th"]
[Site "Bad Sooden-Adf. (14.4.-22.4)"]
[Date "2012.04.21"]
[Round "8.36"]
[White "Busic, Nedjeljko"]
[Black "Pajcin, Jovan"]
[Result "1-0"]
[WhiteElo "1883"]
[BlackElo "1675"]
[PlyCount "81"]
[EventDate "2012.04.??"]
[EventType "swiss"]
[EventRounds "9"]
[EventCountry "GER"]
[WhiteTeam "Bad Nauheim SC"]
[BlackTeam "Leiden Philidor"]

1. e4 c6 2. d4 g6 3. Nf3 d6 4. Bd3 Bg7 5. c3 Bg4 6. O-O Nf6 7. h3 Bxf3 8. Qxf3
Nbd7 9. Na3 O-O 10. Bg5 Re8 11. Nc4 Qc7 12. Nd2 Qa5 13. Bf4 e5 14. Nc4 Qc7 15.
Bh2 b5 16. Nd2 Qb6 17. Nb3 a5 18. dxe5 Nxe5 19. Bxe5 Rxe5 20. Nd2 Rae8 21. Qd1
d5 22. Nf3 R5e7 23. exd5 Nxd5 24. Qc2 Rd8 25. Rad1 Red7 26. Rfe1 Qc5 27. Bf1
Rb7 28. Re4 Rdb8 29. Rde1 Nf6 30. Re5 Qb6 31. Ng5 h6 32. Nf3 b4 33. cxb4 Qxb4
34. Bc4 Nd5 35. Re8+ Kh7 36. b3 Qc5 37. Rxb8 Rxb8 38. g3 h5 39. Kg2 Rd8 40. Ne5
Nb4 41. Qe4 1-0

[Event "Hessen Senioren-ch 2012  8th"]
[Site "Bad Sooden-Adf. (14.4.-22.4)"]
[Date "2012.04.21"]
[Round "8.37"]
[White "Brandt, Fred(36)"]
[Black "Zwanepol, Johan"]
[Result "1/2-1/2"]
[WhiteElo "1687"]
[BlackElo "1714"]
[PlyCount "49"]
[EventDate "2012.04.??"]
[EventType "swiss"]
[EventRounds "9"]
[EventCountry "GER"]
[WhiteTeam "Berlin Königsjäger SW SV"]
[BlackTeam "NED/Groningen SC"]
[BlackTeamCountry "NED"]

1. d4 Nf6 2. Nf3 d6 3. e3 g6 4. Bd3 c5 5. c3 cxd4 6. exd4 Bg7 7. Nbd2 O-O 8.
O-O d5 9. Re1 Nc6 10. h3 Qc7 11. Ne5 Nh5 12. Nxc6 bxc6 13. Nf3 Re8 14. Be3 a5
15. Qd2 Ba6 16. Bxa6 Rxa6 17. Re2 Nf6 18. Bf4 Qc8 19. Qd3 Ne4 20. Nd2 Nxd2 21.
Qxd2 Ra7 22. Rae1 Qd7 23. Bg5 e6 24. Qf4 Qc7 25. Qh4 1/2-1/2

[Event "Hessen Senioren-ch 2012  8th"]
[Site "Bad Sooden-Adf. (14.4.-22.4)"]
[Date "2012.04.21"]
[Round "8.38"]
[White "Van Dongen, Rob"]
[Black "Berger, Eduard"]
[Result "1/2-1/2"]
[WhiteElo "1834"]
[BlackElo "1677"]
[PlyCount "52"]
[EventDate "2012.04.??"]
[EventType "swiss"]
[EventRounds "9"]
[EventCountry "GER"]
[WhiteTeam "NED/Amsterdam VAS"]
[BlackTeam "Stadtallendorf SK"]
[WhiteTeamCountry "NED"]

1. d4 d5 2. Nf3 c6 3. e3 Bf5 4. Bd3 Bxd3 5. Qxd3 Nf6 6. Nbd2 e6 7. O-O Nbd7 8.
Re1 Bd6 9. e4 dxe4 10. Nxe4 Nxe4 11. Qxe4 Nf6 12. Qh4 Be7 13. Qg3 O-O 14. Bh6
Ne8 15. Rad1 Kh8 16. Bg5 Bxg5 17. Nxg5 Nf6 18. c3 h6 19. Nf3 Qa5 20. a3 Rad8
21. Ne5 c5 22. dxc5 Rxd1 23. Rxd1 Qxc5 24. Qf4 Qb5 25. Qd2 Kg8 26. Qd4 a6
1/2-1/2

[Event "Hessen Senioren-ch 2012  8th"]
[Site "Bad Sooden-Adf. (14.4.-22.4)"]
[Date "2012.04.21"]
[Round "8.39"]
[White "Voermans, Adri"]
[Black "Heimberg, Guenter"]
[Result "1-0"]
[WhiteElo "1906"]
[BlackElo "1658"]
[PlyCount "42"]
[EventDate "2012.04.??"]
[EventType "swiss"]
[EventRounds "9"]
[EventCountry "GER"]
[WhiteTeam "NED/Den Haag DD"]
[BlackTeam "Wennigsen SK"]
[WhiteTeamCountry "NED"]

1. d4 d5 2. c4 e5 3. e3 dxc4 4. Bxc4 exd4 5. exd4 Nf6 6. Nc3 c6 7. a3 Bd6 8.
Nf3 O-O 9. O-O Bg4 10. h3 Bf5 11. Ne5 Bxe5 12. dxe5 Qxd1 13. Rxd1 Nfd7 14. f4
h5 15. Be3 Re8 16. Rd2 Be6 17. Be2 g6 18. Ne4 Rf8 19. g4 hxg4 20. hxg4 f5 21.
gxf5 Rxf5 1-0

[Event "Hessen Senioren-ch 2012  8th"]
[Site "Bad Sooden-Adf. (14.4.-22.4)"]
[Date "2012.04.21"]
[Round "8.40"]
[White "Geisler, Reinhard"]
[Black "Schumacher, Helmut(31)"]
[Result "0-1"]
[WhiteElo "1709"]
[BlackElo "1847"]
[PlyCount "54"]
[EventDate "2012.04.??"]
[EventType "swiss"]
[EventRounds "9"]
[EventCountry "GER"]
[WhiteTeam "Werther 1949 SK"]
[BlackTeam "Aachen St. Josef DJK"]

1. d4 e6 2. c4 Nf6 3. Nf3 d5 4. g3 Be7 5. Bg2 O-O 6. O-O Nbd7 7. b3 b6 8. Nc3
Bb7 9. Ne5 Ne4 10. Nxe4 dxe4 11. Qc2 f5 12. Nxd7 Qxd7 13. e3 Rad8 14. Bb2 Bf6
15. Rfd1 Qf7 16. Rac1 h5 17. Qe2 Qg6 18. h4 Rf7 19. f4 Qxg3 20. Bc3 Qxh4 21.
Be1 Qg4 22. Qf2 h4 23. Kh2 g5 24. Bd2 gxf4 25. exf4 Rg7 26. Bc3 Kf7 27. Rg1
Qg3+ 0-1

[Event "Hessen Senioren-ch 2012  8th"]
[Site "Bad Sooden-Adf. (14.4.-22.4)"]
[Date "2012.04.21"]
[Round "8.41"]
[White "Causevic, Ismet"]
[Black "Schuetze, Manfred(41)"]
[Result "1-0"]
[WhiteElo "1841"]
[BlackElo "1633"]
[PlyCount "72"]
[EventDate "2012.04.??"]
[EventType "swiss"]
[EventRounds "9"]
[EventCountry "GER"]
[WhiteTeam "Forst 1971 SF"]
[BlackTeam "Gräfenhainichen VfL"]

1. d4 Nf6 2. c4 e6 3. Nc3 Bb4 4. Bd2 O-O 5. Qc2 b6 6. a3 Bxc3 7. Bxc3 Bb7 8.
Nf3 Ne4 9. g3 d6 10. Bg2 Nxc3 11. Qxc3 Nd7 12. O-O Qe7 13. Rad1 f5 14. d5 e5
15. Nd2 Nf6 16. b4 a5 17. e3 Ra7 18. f4 e4 19. Nb3 axb4 20. axb4 Ra3 21. Ra1
Rfa8 22. Rxa3 Rxa3 23. Qb2 Ra8 24. Nd4 Bc8 25. h3 Bd7 26. Ra1 Qe8 27. Ra3 c5
28. dxc6 Bxc6 29. Nxf5 Rxa3 30. Qxa3 Qe6 31. Nd4 Qxc4 32. Bf1 Qd5 33. Qa6 Bb7
34. Qxb6 Ne8 35. f5 Kf8 36. Ne6+ Kf7 1-0

[Event "Hessen Senioren-ch 2012  8th"]
[Site "Bad Sooden-Adf. (14.4.-22.4)"]
[Date "2012.04.21"]
[Round "8.42"]
[White "Tuertmann, Dieter"]
[Black "Viererbe, Hartmut"]
[Result "1/2-1/2"]
[WhiteElo "1806"]
[BlackElo "1607"]
[PlyCount "79"]
[EventDate "2012.04.??"]
[EventType "swiss"]
[EventRounds "9"]
[EventCountry "GER"]
[WhiteTeam "Eberswalde 1949 ESV"]
[BlackTeam "Nordhausen 51 SC"]

1. e4 c5 2. Nc3 a6 3. a4 g6 4. f4 Nc6 5. Nf3 Bg7 6. Be2 d6 7. O-O e6 8. d3 Nge7
9. Kh1 O-O 10. Be3 Nd4 11. Qd2 Nec6 12. Bd1 Bd7 13. Qc1 b5 14. axb5 axb5 15.
Bxd4 Nxd4 16. Ne2 Nxf3 17. Rxa8 Qxa8 18. Rxf3 Qa2 19. c3 b4 20. Bc2 bxc3 21.
Nxc3 Bxc3 22. bxc3 Rb8 23. Rf1 Kf8 24. h3 Rb2 25. Bb1 Qb3 26. d4 cxd4 27. cxd4
Qb4 28. d5 exd5 29. exd5 Bb5 30. Rd1 Be2 31. Rg1 Rd2 32. f5 Kg7 33. fxg6 hxg6
34. Qc6 Rd1 35. Qc2 Rxg1+ 36. Kxg1 Qd4+ 37. Kh2 Qf4+ 38. Kh1 Qf2 39. Kh2 Qf4+
40. Kh1 1/2-1/2

[Event "Hessen Senioren-ch 2012  8th"]
[Site "Bad Sooden-Adf. (14.4.-22.4)"]
[Date "2012.04.21"]
[Round "8.43"]
[White "Claus, Joachim"]
[Black "Hoellger, Herbert"]
[Result "1/2-1/2"]
[WhiteElo "1684"]
[BlackElo "1841"]
[PlyCount "72"]
[EventDate "2012.04.??"]
[EventType "swiss"]
[EventRounds "9"]
[EventCountry "GER"]
[WhiteTeam "Witten SG"]
[BlackTeam "Bad Hersfeld SK"]

1. Nf3 g6 2. g3 Bg7 3. Bg2 Nf6 4. d3 d6 5. O-O O-O 6. e4 e5 7. Nc3 Nc6 8. Be3
h6 9. a3 Be6 10. d4 Bg4 11. d5 Ne7 12. h3 Bc8 13. Qd2 Kh7 14. Rad1 b6 15. Nh2
Ba6 16. Rfe1 g5 17. Bf3 Bc8 18. Qe2 Bxh3 19. g4 Qd7 20. Kh1 Ng6 21. Rg1 Nf4 22.
Qb5 Qxb5 23. Nxb5 h5 24. gxh5 Bd7 25. Nc3 Bh6 26. Bxf4 gxf4 27. Ng4 Ne8 28. Rg2
Rg8 29. Rdg1 Rg5 30. Rh2 Kg7 31. b3 f5 32. exf5 Bxf5 33. Ne4 Bxe4 34. Bxe4 Nf6
35. Nxf6 Rxg1+ 36. Kxg1 Kxf6 1/2-1/2

[Event "Hessen Senioren-ch 2012  8th"]
[Site "Bad Sooden-Adf. (14.4.-22.4)"]
[Date "2012.04.21"]
[Round "8.44"]
[White "Johannsen, Ingbert"]
[Black "Fromme, Werner"]
[Result "1/2-1/2"]
[WhiteElo "1800"]
[BlackElo "1653"]
[PlyCount "58"]
[EventDate "2012.04.??"]
[EventType "swiss"]
[EventRounds "9"]
[EventCountry "GER"]
[WhiteTeam "Witten SG"]
[BlackTeam "Witten SG"]

1. e4 g6 2. d4 Bg7 3. Nf3 d6 4. Be2 c6 5. O-O Nd7 6. c3 Qc7 7. Qc2 e5 8. Rd1
Ne7 9. Bg5 Nf6 10. h3 Be6 11. Nbd2 h6 12. Be3 b6 13. dxe5 dxe5 14. Nc4 Nd7 15.
Nd6+ Kf8 16. b4 Nc8 17. Nxc8 Rxc8 18. a4 Bf6 19. a5 Kg7 20. Qc1 b5 21. Nh2 h5
22. Nf3 Be7 23. Rb1 f6 24. c4 Qb7 25. c5 Rhd8 26. Qc3 Nf8 27. Rxd8 Rxd8 28. Rd1
Rxd1+ 29. Bxd1 a6 1/2-1/2

[Event "Hessen Senioren-ch 2012  8th"]
[Site "Bad Sooden-Adf. (14.4.-22.4)"]
[Date "2012.04.21"]
[Round "8.45"]
[White "Fleischer, Martin"]
[Black "Kluever, Horst"]
[Result "0-1"]
[WhiteElo "1758"]
[BlackElo "1672"]
[PlyCount "102"]
[EventDate "2012.04.??"]
[EventType "swiss"]
[EventRounds "9"]
[EventCountry "GER"]
[WhiteTeam "Schwerin Einheit SV"]
[BlackTeam "Itzehoer SV"]

1. e4 e5 2. Nf3 d6 3. Bc4 h6 4. c3 Qf6 5. d3 Be7 6. Be3 Nd7 7. Nbd2 Nf8 8. b4
c6 9. O-O b5 10. Bb3 Bb7 11. a4 a6 12. Ne1 Ne6 13. c4 Bd8 14. Qg4 h5 15. Qg3
Nf4 16. Qf3 g5 17. Qd1 g4 18. axb5 cxb5 19. f3 Qg6 20. Bxf4 exf4 21. Qe2 g3 22.
hxg3 Qxg3 23. Qf2 Qxf2+ 24. Kxf2 Bb6+ 25. Ke2 Bd4 26. Ra2 Ne7 27. Nc2 Bf6 28.
cxb5 axb5 29. Rxa8+ Bxa8 30. d4 O-O 31. Ra1 Kg7 32. Ra6 Rd8 33. d5 Bb7 34. Rb6
Rd7 35. Kd1 Ng6 36. Rxb5 Nh4 37. Ne1 Bd4 38. Ba4 Rc7 39. Nb3 Bg1 40. Na5 Ba6
41. Rb8 Bf1 42. Nc6 Nxg2 43. Nxg2 Bxg2 44. Ke2 h4 45. e5 dxe5 46. Nxe5 Re7 47.
Re8 Rxe8 48. Bxe8 h3 49. Ng4 f5 50. d6 fxg4 51. d7 Bb6 0-1

[Event "Hessen Senioren-ch 2012  8th"]
[Site "Bad Sooden-Adf. (14.4.-22.4)"]
[Date "2012.04.21"]
[Round "8.46"]
[White "Rollwitz, Juergen"]
[Black "Berger, Volkmar"]
[Result "1/2-1/2"]
[WhiteElo "1755"]
[BlackElo "1648"]
[PlyCount "20"]
[EventDate "2012.04.??"]
[EventType "swiss"]
[EventRounds "9"]
[EventCountry "GER"]
[WhiteTeam "Berlin Wedding SG"]
[BlackTeam "Cottbus Senioren SC"]

1. e4 d6 2. d4 g6 3. Nc3 Bg7 4. Be3 Nf6 5. Be2 O-O 6. Qd2 b6 7. Bh6 e5 8. Bxg7
Kxg7 9. dxe5 dxe5 10. Qxd8 Rxd8 1/2-1/2

[Event "Hessen Senioren-ch 2012  8th"]
[Site "Bad Sooden-Adf. (14.4.-22.4)"]
[Date "2012.04.21"]
[Round "8.47"]
[White "Mayeres, Hans-Christian"]
[Black "Draxler, Gottfried"]
[Result "1/2-1/2"]
[WhiteElo "1663"]
[BlackElo "1697"]
[PlyCount "44"]
[EventDate "2012.04.??"]
[EventType "swiss"]
[EventRounds "9"]
[EventCountry "GER"]
[WhiteTeam "Recklinghausen 06 SK"]
[BlackTeam "Neuberg Sfr."]

1. c4 c5 2. Nc3 Nc6 3. g3 g6 4. Bg2 Bg7 5. Nf3 Nf6 6. O-O O-O 7. a3 e6 8. e4 d6
9. Rb1 a6 10. d3 Rb8 11. b4 cxb4 12. axb4 b5 13. cxb5 axb5 14. d4 d5 15. e5 Nd7
16. Bh3 Ba6 17. Be3 Nb6 18. Qc1 Nc4 19. Bg5 Qd7 20. Bf6 Rfe8 21. Qg5 h6 22. Qg4
Qc7 1/2-1/2

[Event "Hessen Senioren-ch 2012  8th"]
[Site "Bad Sooden-Adf. (14.4.-22.4)"]
[Date "2012.04.21"]
[Round "8.48"]
[White "Boehme, Erich"]
[Black "Hegner, Peter"]
[Result "1-0"]
[WhiteElo "1740"]
[BlackElo "1570"]
[PlyCount "106"]
[EventDate "2012.04.??"]
[EventType "swiss"]
[EventRounds "9"]
[EventCountry "GER"]
[WhiteTeam "Stadtallendorf SK"]
[BlackTeam "Bad Soden SC"]

1. c4 e5 2. Nc3 Nf6 3. g3 d5 4. cxd5 Nxd5 5. Bg2 Nb6 6. Nf3 Nc6 7. d3 Be7 8.
O-O O-O 9. Be3 Bg4 10. Rc1 Qd7 11. Re1 f5 12. a3 f4 13. Bxb6 cxb6 14. b4 fxg3
15. fxg3 Bxf3 16. Bxf3 Nd4 17. Bd5+ Kh8 18. e3 Nb5 19. Nxb5 Qxb5 20. Bxb7 Rad8
21. Be4 Qe8 22. Qg4 Qf7 23. Rf1 Qa2 24. Qh5 Rxf1+ 25. Rxf1 Qg8 26. Rf7 Bf6 27.
Rxa7 Rc8 28. Qf7 Qxf7 29. Rxf7 Bg5 30. Kf2 Kg8 31. Bd5 Rf8 32. Rxf8+ Kxf8 33.
Kf3 Ke7 34. Ke4 Kd6 35. h4 Bf6 36. Bg8 h6 37. Bc4 Kc6 38. a4 Kd6 39. Kf5 Ke7
40. a5 bxa5 41. bxa5 Kd7 42. a6 Kc7 43. g4 Bxh4 44. Kxe5 Kb6 45. d4 Bf6+ 46.
Ke6 Ka7 47. d5 Bg5 48. e4 g6 49. d6 h5 50. gxh5 gxh5 51. Kf5 Bd8 52. e5 h4 53.
e6 h3 1-0

[Event "Hessen Senioren-ch 2012  8th"]
[Site "Bad Sooden-Adf. (14.4.-22.4)"]
[Date "2012.04.21"]
[Round "8.49"]
[White "Tomas, Johann"]
[Black "Smits, Oswald"]
[Result "0-1"]
[WhiteElo "1567"]
[BlackElo "1726"]
[PlyCount "110"]
[EventDate "2012.04.??"]
[EventType "swiss"]
[EventRounds "9"]
[EventCountry "GER"]
[WhiteTeam "Bad Sooden-Allendorf SK"]
[BlackTeam "Königstein/Schwalbach Sfr."]

1. e4 c5 2. Nc3 Nc6 3. Nge2 Nf6 4. Ng3 a6 5. Be2 e6 6. d3 b5 7. Be3 Bb7 8. O-O
Be7 9. f4 d6 10. a3 Qc7 11. Bf3 Rd8 12. f5 Ne5 13. Be2 d5 14. exd5 exd5 15. Bf4
Bd6 16. Kh1 O-O 17. Bg5 Be7 18. Qd2 d4 19. Nce4 Nxe4 20. dxe4 f6 21. Bf4 Rd7
22. Rfe1 Bd8 23. b3 Re8 24. Bf3 Qc6 25. Rad1 Bc7 26. Qc1 Red8 27. Nh5 c4 28. b4
c3 29. Rg1 Nc4 30. Rd3 Ne5 31. Rdd1 Qc4 32. Bxe5 Bxe5 33. Rd3 Qc7 34. g3 Kh8
35. Nf4 Bxf4 36. gxf4 Re7 37. Re1 Qb8 38. Re2 Qa8 39. Qe1 Qb8 40. Qg3 Qa8 41.
Qg2 Qc8 42. h3 Bc6 43. Kh2 Be8 44. Bg4 Bf7 45. Rd1 d3 46. cxd3 Bb3 47. Rc2 Bxc2
48. Qxc2 Qc7 49. Kg3 Rd4 50. Bf3 Qc8 51. Rc1 Rc7 52. Be2 Qd8 53. h4 Rcd7 54.
Qxc3 Rxd3+ 55. Bxd3 Rxd3+ 0-1

[Event "Hessen Senioren-ch 2012  8th"]
[Site "Bad Sooden-Adf. (14.4.-22.4)"]
[Date "2012.04.21"]
[Round "8.50"]
[White "Josting, Friedel"]
[Black "Holscher, Peter"]
[Result "1/2-1/2"]
[WhiteElo "1785"]
[BlackElo "1959"]
[PlyCount "92"]
[EventDate "2012.04.??"]
[EventType "swiss"]
[EventRounds "9"]
[EventCountry "GER"]
[WhiteTeam "Bünde 1945 SG"]
[BlackTeam "NED/Hoorn Caissa"]
[BlackTeamCountry "NED"]

1. d4 f5 2. g3 Nf6 3. Bg2 g6 4. c4 Bg7 5. Nc3 d6 6. Nf3 O-O 7. O-O c6 8. Rb1 a5
9. a3 Be6 10. Qd3 Ne4 11. Ng5 Nxg5 12. Bxg5 h6 13. Bd2 Na6 14. b4 axb4 15. axb4
Nc7 16. b5 d5 17. cxd5 cxd5 18. Ra1 Qd7 19. Bf4 Rxa1 20. Rxa1 Ra8 21. Rxa8+
Nxa8 22. Na4 Qc8 23. Qb3 Bxd4 24. Bxd5 Kf7 25. Bxh6 Nc7 26. Bxe6+ Qxe6 27. Qd3
Qd6 28. Bd2 Ne6 29. e3 Bc5 30. Nxc5 Qxc5 31. Qb3 Qe5 32. Bc3 Qe4 33. Bb2 g5 34.
Qc3 Qa4 35. Qh8 Qd1+ 36. Kg2 Qd5+ 37. Kg1 Qf3 38. Qh7+ Ke8 39. Qh8+ Kd7 40. Qe5
f4 41. exf4 gxf4 42. gxf4 Qg4+ 43. Kf1 Nxf4 44. Qd4+ Ke8 45. Qh8+ Kf7 46. Qh7+
Ke8 1/2-1/2

[Event "Hessen Senioren-ch 2012  8th"]
[Site "Bad Sooden-Adf. (14.4.-22.4)"]
[Date "2012.04.21"]
[Round "8.51"]
[White "Bill, Eugen"]
[Black "Schneider, Miloca"]
[Result "1-0"]
[WhiteElo "1558"]
[BlackElo "1706"]
[PlyCount "87"]
[EventDate "2012.04.??"]
[EventType "swiss"]
[EventRounds "9"]
[EventCountry "GER"]
[WhiteTeam "Limburg Lahn SV"]
[BlackTeam "Witten SG"]

1. d4 d5 2. Nf3 Nf6 3. c4 c6 4. cxd5 cxd5 5. Nc3 e6 6. Bg5 Be7 7. e3 O-O 8. Bd3
Nc6 9. a3 a6 10. Rc1 Bd7 11. b4 b5 12. O-O Rc8 13. Nd2 h6 14. Bxf6 Bxf6 15. Nb3
Rc7 16. Nc5 Bc8 17. Qb3 Be7 18. Rc2 Bxc5 19. dxc5 Bb7 20. Rd1 Qg5 21. Bf1 Ne5
22. Kh1 Ng4 23. h3 Nf6 24. a4 bxa4 25. Qxa4 d4 26. Rxd4 Qf5 27. Rcd2 Qxh3+ 28.
Kg1 Qh5 29. Qd1 Qg5 30. Rd8 Rxd8 31. Rxd8+ Kh7 32. Qd6 Rc6 33. Qe7 Ne4 34. Qxb7
Nxc3 35. Bd3+ f5 36. Qxc6 Qxd8 37. Qxa6 Qf6 38. Bc4 Qe5 39. Qxe6 Qxe6 40. Bxe6
g5 41. Bc4 Kg7 42. c6 Na4 43. c7 Nb6 44. Ba6 1-0

[Event "Hessen Senioren-ch 2012  8th"]
[Site "Bad Sooden-Adf. (14.4.-22.4)"]
[Date "2012.04.21"]
[Round "8.52"]
[White "Zoll, Theo"]
[Black "Merettig, Georg"]
[Result "0-1"]
[WhiteElo "1540"]
[BlackElo "1748"]
[PlyCount "44"]
[EventDate "2012.04.??"]
[EventType "swiss"]
[EventRounds "9"]
[EventCountry "GER"]
[WhiteTeam "Göttingen Rot-Weiß ESV"]
[BlackTeam "Wolfenbüttel Caissa SV"]

1. d4 Nc6 2. Nf3 f5 3. Bf4 Nf6 4. e3 Nh5 5. Bg5 h6 6. Bh4 g5 7. Ne5 Nxe5 8.
Qxh5+ Nf7 9. Bg3 e6 10. Qd1 Bd6 11. Qd2 b6 12. Bc4 Bxg3 13. fxg3 Bb7 14. Nc3
Nd6 15. Bd3 Qe7 16. O-O-O O-O-O 17. Qe2 Kb8 18. e4 fxe4 19. Nxe4 Nf5 20. c3
Rhe8 21. Ba6 Ba8 22. Nd2 Rf8 0-1

[Event "Hessen Senioren-ch 2012  8th"]
[Site "Bad Sooden-Adf. (14.4.-22.4)"]
[Date "2012.04.21"]
[Round "8.53"]
[White "Aepfler, Gerhard"]
[Black "Otto, Klaus(41)"]
[Result "1/2-1/2"]
[WhiteElo "1673"]
[BlackElo "1577"]
[PlyCount "48"]
[EventDate "2012.04.??"]
[EventType "swiss"]
[EventRounds "9"]
[EventCountry "GER"]
[WhiteTeam "Apolda TSG"]
[BlackTeam "Triebes Thüringer SV"]

1. e4 e6 2. d4 d5 3. c4 dxe4 4. Nc3 c5 5. Be3 cxd4 6. Bxd4 Nc6 7. Be3 Qxd1+ 8.
Kxd1 a6 9. Nxe4 Be7 10. Nf3 Nf6 11. Nc3 O-O 12. a3 Ng4 13. Bb6 Bd8 14. Bc5 Re8
15. h3 Nf6 16. Bd3 Bc7 17. Re1 b6 18. Be3 Bb7 19. Bg5 Rad8 20. Kc2 h6 21. Bxf6
gxf6 22. g4 Nd4+ 23. Nxd4 Rxd4 24. Be4 Bc8 1/2-1/2

[Event "Hessen Senioren-ch 2012  8th"]
[Site "Bad Sooden-Adf. (14.4.-22.4)"]
[Date "2012.04.21"]
[Round "8.54"]
[White "Hespers, Rolf"]
[Black "Bendisch, Juergen Dr"]
[Result "0-1"]
[WhiteElo "1465"]
[BlackElo "1692"]
[PlyCount "60"]
[EventDate "2012.04.??"]
[EventType "swiss"]
[EventRounds "9"]
[EventCountry "GER"]
[WhiteTeam "Weida(Thür) Osterburg TuS"]
[BlackTeam "Hennef 1927 SV"]

1. d4 d5 2. Nc3 c6 3. Bf4 Nf6 4. h3 e6 5. a3 Bd6 6. Qd2 Qc7 7. Bxd6 Qxd6 8. Nf3
h6 9. e3 Nbd7 10. Bd3 O-O 11. e4 dxe4 12. Nxe4 Nxe4 13. Bxe4 Nf6 14. Bd3 b6 15.
c3 Bb7 16. O-O c5 17. dxc5 Qxc5 18. Qe2 Rad8 19. Rad1 Qh5 20. Bc2 Bxf3 21. Qxf3
Qxf3 22. gxf3 Rfe8 23. Bb3 Rxd1 24. Rxd1 Re7 25. Rd8+ Kh7 26. Bc2+ g6 27. Bb3
Kg7 28. Rd2 Rd7 29. Re2 Nh5 30. Kh2 Rd3 0-1

[Event "Hessen Senioren-ch 2012  8th"]
[Site "Bad Sooden-Adf. (14.4.-22.4)"]
[Date "2012.04.21"]
[Round "8.55"]
[White "Rehder, Frank"]
[Black "Brahn, Helmut"]
[Result "1/2-1/2"]
[WhiteElo "1705"]
[BlackElo "1591"]
[PlyCount "48"]
[EventDate "2012.04.??"]
[EventType "swiss"]
[EventRounds "9"]
[EventCountry "GER"]
[WhiteTeam "Berlin Zugzwang 95 SC"]
[BlackTeam "Burghaun SG"]

1. d4 d5 2. Nf3 Nf6 3. b3 e6 4. Bb2 Be7 5. e3 a6 6. Bd3 Nbd7 7. Nbd2 b5 8. c4
bxc4 9. bxc4 Bb7 10. c5 c6 11. O-O O-O 12. Qc2 h6 13. Nb3 a5 14. a4 Ba6 15. Bc3
Bxd3 16. Qxd3 Re8 17. Nfd2 Qc7 18. f4 Bd8 19. Qe2 Qa7 20. Qe1 Qa6 21. g3 Qd3
22. Nf3 Ng4 23. Nc1 Qxe3+ 24. Qxe3 Nxe3 1/2-1/2

[Event "Hessen Senioren-ch 2012  8th"]
[Site "Bad Sooden-Adf. (14.4.-22.4)"]
[Date "2012.04.21"]
[Round "8.56"]
[White "Matrisch, Gerd"]
[Black "Briesemeister, Klaus"]
[Result "1-0"]
[WhiteElo "1737"]
[BlackElo "1553"]
[PlyCount "71"]
[EventDate "2012.04.??"]
[EventType "swiss"]
[EventRounds "9"]
[EventCountry "GER"]
[WhiteTeam "Wanne-Eickel SV"]
[BlackTeam "Lingen SV"]

1. e4 c6 2. d4 d5 3. e5 Bf5 4. c4 e6 5. Nc3 Be7 6. Nf3 Nd7 7. Bd3 Bxd3 8. Qxd3
dxc4 9. Qxc4 Nb6 10. Qe2 Qd7 11. O-O h6 12. Be3 Bb4 13. Ne4 Nd5 14. a3 Be7 15.
Rac1 a6 16. Nfd2 f5 17. exf6 Ngxf6 18. Nc5 Bxc5 19. dxc5 O-O 20. Nc4 Qc7 21.
Bd2 Nf4 22. Bxf4 Qxf4 23. Qxe6+ Kh7 24. Qe3 Nd5 25. Qd3+ Kh8 26. Rce1 Rae8 27.
Rxe8 Rxe8 28. Nd6 Re7 29. g3 Qg5 30. b4 Nf4 31. Qf5 Ne2+ 32. Kg2 Qxf5 33. Nxf5
Re6 34. Rd1 Nc3 35. Rd8+ Kh7 36. Rd7 1-0

[Event "Hessen Senioren-ch 2012  8th"]
[Site "Bad Sooden-Adf. (14.4.-22.4)"]
[Date "2012.04.21"]
[Round "8.57"]
[White "Hoffmann, Erich(36)"]
[Black "Straschnej, Paul"]
[Result "1-0"]
[WhiteElo "1736"]
[BlackElo "1538"]
[PlyCount "93"]
[EventDate "2012.04.??"]
[EventType "swiss"]
[EventRounds "9"]
[EventCountry "GER"]
[WhiteTeam "Bergeborbeck DJK"]
[BlackTeam "Bad Emstal Sfr."]

1. e4 e5 2. f4 d6 3. Nc3 Nf6 4. Nf3 Nc6 5. Bc4 Bg4 6. h3 Bxf3 7. Qxf3 Nd4 8.
Qd3 Nh5 9. Ne2 Nxe2 10. Qxe2 Nxf4 11. Qf3 Qd7 12. d4 Ng6 13. O-O f6 14. Qb3 c6
15. d5 Qc7 16. a4 Qb6+ 17. Qxb6 axb6 18. dxc6 bxc6 19. Be3 Rb8 20. a5 b5 21.
Ba2 Be7 22. a6 Bd8 23. a7 Ra8 24. c4 b4 25. Bb3 Ne7 26. c5 d5 27. exd5 cxd5 28.
Bd2 Kd7 29. Bxb4 Ke6 30. Ra6+ Kf7 31. Rd1 Kg6 32. Bxd5 Nxd5 33. Rxd5 Be7 34.
Rd7 Rhe8 35. Ba3 e4 36. Kf1 Kf7 37. b4 Red8 38. Rxd8 Bxd8 39. b5 Bc7 40. b6 Bg3
41. c6 e3 42. Ke2 f5 43. c7 Bxc7 44. bxc7 f4 45. c8=Q Rxc8 46. a8=Q Rxa8 47.
Rxa8 1-0

[Event "Hessen Senioren-ch 2012  8th"]
[Site "Bad Sooden-Adf. (14.4.-22.4)"]
[Date "2012.04.21"]
[Round "8.58"]
[White "Schumacher, Ursula"]
[Black "Von Janta, Lothar"]
[Result "1/2-1/2"]
[WhiteElo "1446"]
[BlackElo "1656"]
[PlyCount "64"]
[EventDate "2012.04.??"]
[EventType "swiss"]
[EventRounds "9"]
[EventCountry "GER"]
[WhiteTeam "Bad Neuenahr SC"]
[BlackTeam "Berenbostel SV"]

1. c4 c5 2. Nc3 Nc6 3. Nf3 g6 4. g3 Bg7 5. Bg2 e6 6. O-O Nge7 7. e3 Nf5 8. d3
O-O 9. a3 a6 10. Rb1 Rb8 11. Ne4 d6 12. b3 Qe7 13. Bb2 d5 14. Bxg7 Kxg7 15.
Ned2 Rd8 16. Qc2 b6 17. Rfe1 Qd7 18. Qb2+ d4 19. e4 Nfe7 20. Bh3 Qc7 21. b4 Ne5
22. Nxe5 Qxe5 23. f4 Qh5 24. Bg2 cxb4 25. axb4 f6 26. Nf3 e5 27. fxe5 fxe5 28.
Rf1 Rf8 29. Qd2 Bg4 30. Qg5 Bxf3 31. Qxe7+ Rf7 32. Bxf3 Rxe7 1/2-1/2

[Event "Hessen Senioren-ch 2012  8th"]
[Site "Bad Sooden-Adf. (14.4.-22.4)"]
[Date "2012.04.21"]
[Round "8.59"]
[White "Rueggeberg, Wilhelm"]
[Black "Daebel, Hasso Dr"]
[Result "1-0"]
[WhiteElo "1702"]
[BlackElo "1473"]
[PlyCount "112"]
[EventDate "2012.04.??"]
[EventType "swiss"]
[EventRounds "9"]
[EventCountry "GER"]
[WhiteTeam "Saarburg-Trier Sfr."]
[BlackTeam "Drewer 54 SG"]

1. d4 d5 2. c4 dxc4 3. Nc3 c6 4. a4 Bd7 5. a5 e6 6. e4 Bb4 7. Qa4 Bxc3+ 8. bxc3
Qh4 9. e5 Qe4+ 10. Be3 Qd5 11. Qxc4 Qxc4 12. Bxc4 Ne7 13. Ne2 Nf5 14. Bf4 h6
15. h4 g6 16. g4 Ne7 17. Rb1 Bc8 18. Ng3 Nd5 19. Bd2 Nd7 20. Ne4 Ke7 21. Nd6 b6
22. axb6 axb6 23. O-O Ba6 24. Bxa6 Rxa6 25. c4 Nc7 26. Ra1 f6 27. Rxa6 Nxa6 28.
f4 f5 29. Ra1 Ndb8 30. gxf5 gxf5 31. Kh2 Rg8 32. Rg1 Rxg1 33. Kxg1 h5 34. Nc8+
Kd8 35. Nxb6 c5 36. d5 exd5 37. Ba5 Ke8 38. cxd5 Nc7 39. Kf2 Nba6 40. Ke3 Nb4
41. Bxb4 cxb4 42. Kd3 Na6 43. Kc4 b3 44. Kxb3 Nc5+ 45. Kc4 Ne4 46. Kd4 Nd2 47.
Ke3 Nf1+ 48. Kf2 Nh2 49. Nc4 Ng4+ 50. Kg3 Nh6 51. Ne3 Ke7 52. Kf3 Kf7 53. Nf1
Ng8 54. d6 Ke6 55. Ng3 Nh6 56. Nxh5 Ng4 1-0